| 000 | 02182nam a2200217Ia 4500 | ||
|---|---|---|---|
| 999 |
_c27631 _d27631 |
||
| 003 | OSt | ||
| 005 | 20210408125456.0 | ||
| 008 | 160316s2007 xxu||||| |||| 00| 0 eng d | ||
| 020 | _a9780521545211 | ||
| 040 | _cn | ||
| 082 |
_a320.000000 _bHOB |
||
| 100 | _aHobbes Thomas | ||
| 245 | _aHobbes's leviathan | ||
| 260 |
_aCambridge _bCambridge University Press _c2007 |
||
| 300 |
_a533p _cxvii |
||
| 365 | _b Rs. 4,478 | ||
| 505 | _aTable of contents Introduction Patricia Springborg; 1. Of Man; 1.1 Hobbes's visual strategy Horst Bredekamp; 1.2 The beast of myth: Medusa, Dionysus and the riddle of Hobbes's sovereign monster John Tralau; 1.3 Sense and nonsense about sense: Hobbes and the Aristotelians on sense perception and imagination Cees Leijenhorst; 1.4 Hobbes on the natural condition of mankind Kinch Hoekstra; 1.5 Hobbes's moral philosophy Tom Sorrell; 2. Of Commonwealth; 2.1. Hobbes on persons, authors, and representatives Quentin Skinner; 2.2 Hobbes on glory and civil strife Gabriella Slomp; 2.3 Hobbes and the philosophical origins of liberalism Lucien Jaume; 2.4 The basis for the right to punish in Hobbes's Leviathan Dieter Huning; 3. Of a Christian Commonwealth; 3.1 Hobbes's covenant theology and its political implications Franck Lessay; 3.2 Omnipotence, necessity, and sovereignty: Hobbes and the absolute powers of God and king Luc Foisneau; 3.3 Hobbes on salvation Roberto Farneti; 3.4 Hobbes and the cause of religious toleration Edwin Curley; 4. Of the Kingdom of Darkness; 4.1 Hobbes's critique of the doctrine of essences and its sources Gianni Paganini; 4.2 Leviathan and its Anglican context Johann Somerville; 4.3 The Bible and Protestantism in Leviathan A. P. Martinich; 4.4 The 1668 appendix and Hobbes's theological project George Wright; 5. Hobbes's Reception; 5.1 Leviathan and Hobbes's contemporaries G. A. J. Rogers; 5.2 The reception of Hobbes's Leviathan Jonathan Parkin; 5.3 Hobbes, Clarendon, and Leviathan Perez Zagorin; 5.4 Silencing Thomas Hobbes: the Presbyterians and Leviathan Jeffrey R. Collins. | ||
| 650 | _a1. Political Science - Early Works To 1800 - State | ||
| 700 |
_a _a |
||
| 942 |
_2ddc _cBK |
||